| 000 | 00791nam a22002417a 4500 | ||
|---|---|---|---|
| 999 |
_c7232 _d7232 |
||
| 001 | 7232 | ||
| 003 | BD-JhCC | ||
| 005 | 20180206165430.0 | ||
| 008 | 180206r20052009 ad||| |||| 00| 0 d | ||
| 020 | _a9844104289 | ||
| 035 | _a(BD-JhCC)7232 | ||
| 040 |
_aBD-JhCC _dBD-JhCC |
||
| 041 | _aben | ||
| 082 |
_a327 _bHAL 2009 |
||
| 100 | _aহালিম, মোঃ আবদুল | ||
| 245 |
_aআন্তর্জাতিক সম্পর্কের মূলনীতি / _cমোঃ আবদুল হালিম |
||
| 260 |
_aঢাকা : _bমাওলা ব্রাদার্স, _c২০০৯. |
||
| 300 |
_a২৬৯ পৃ. : _c২২ সেমি. |
||
| 504 | _aIncludes Bibliography | ||
| 650 | _aInternational Relation | ||
| 942 |
_2ddc _cBK |
||